000 00589nam a2200193Ia 4500
008 131103s9999 xx 000 0 und d
020 _a736090
_cRs.100
040 _aLoreto College
041 _aEnglish
082 _aRef/IND
_bLCBED/10721
245 _aIndia 1988-89
_b a reference annual
_cedited by Research Reference and Trainig Division
260 _aIndia
_bPublications division
_c2000
300 _a826p.
_c 24cm.
504 _aIncludes appendix & index
650 _aIndia
700 _aResearch,Refernce and Training Division;ed.
850 _aLCBED/Ref/IND
942 _cBK
999 _c31036
_d81515